Detalles MARC
| 000 -LEADER |
| fixed length control field |
01586nam a2200265 a 4500 |
| 001 - CONTROL NUMBER |
| control field |
000012906 |
| 003 - CONTROL NUMBER IDENTIFIER |
| control field |
DO-SdBNP |
| 005 - DATE AND TIME OF LATEST TRANSACTION |
| control field |
20150910141904.0 |
| 007 - PHYSICAL DESCRIPTION FIXED FIELD--GENERAL INFORMATION |
| fixed length control field |
000012906 |
| 008 - FIXED-LENGTH DATA ELEMENTS--GENERAL INFORMATION |
| fixed length control field |
091118s201u dr 000 0 spa d |
| 040 ## - CATALOGING SOURCE |
| Original cataloging agency |
BPMSU |
| Language of cataloging |
spa |
| Transcribing agency |
BPMSU |
| 092 ## - LOCALLY ASSIGNED DEWEY CALL NUMBER (OCLC) |
| Classification number |
xxxx |
| 100 1# - MAIN ENTRY--PERSONAL NAME |
| Personal name |
Bonilla, Santiago |
| 245 10 - TITLE STATEMENT |
| Title |
Manual de lengua española : |
| Remainder of title |
teoría y prácticas / |
| Statement of responsibility, etc. |
Santiago Bonilla. |
| 260 ## - PUBLICATION, DISTRIBUTION, ETC. (IMPRINT) |
| Place of publication, distribution, etc. |
Santo Domingo : |
| Name of publisher, distributor, etc. |
Búho, |
| Date of publication, distribution, etc. |
[201-]. |
| 300 ## - PHYSICAL DESCRIPTION |
| Extent |
243 p. ; |
| Dimensions |
28 cm. |
| 500 ## - GENERAL NOTE |
| General note |
Incluye datos biografícos en la contraportada |
| 504 ## - BIBLIOGRAPHY, ETC. NOTE |
| Bibliography, etc |
Bibliografía p: 241-243 |
| 505 0# - FORMATTED CONTENTS NOTE |
| Miscellaneous information |
unidad 1 -- |
| Title |
La comunicación -- |
| Miscellaneous information |
unidad 2 -- |
| Title |
Consideraciones teoricas sobre comunicación -- |
| Miscellaneous information |
unidad 3 -- |
| Title |
La comunicación corporativa -- |
| Miscellaneous information |
unidad 4 -- |
| Title |
El párrafo y su estructura -- |
| Miscellaneous information |
unidad 5 -- |
| Title |
Métodos de desarrollo del párrafo -- |
| Miscellaneous information |
unidad 6 -- |
| Title |
El resumen -- |
| Miscellaneous information |
unidad 7 -- |
| Title |
La exposición -- |
| Miscellaneous information |
unidad 8 -- |
| Title |
El informe -- |
| Miscellaneous information |
unidad 9 -- |
| Title |
La carta -- |
| Miscellaneous information |
unidad 10 -- |
| Title |
Sistema de fichas -- |
| Miscellaneous information |
unidad 11 -- |
| Title |
El comentario -- |
| Miscellaneous information |
unidad 12 -- |
| Title |
El ensayo -- |
| Miscellaneous information |
unidad 13 -- |
| Title |
La oratoria -- |
| Miscellaneous information |
unidad 14 -- |
| Title |
La narración -- |
| Miscellaneous information |
unidad 15 -- |
| Title |
Modos de expresión -- |
| Miscellaneous information |
unidad 16 -- |
| Title |
Los tipos de lengua -- |
| Miscellaneous information |
unidad 17 -- |
| Title |
Los niveles de lengua -- |
| Miscellaneous information |
unidad 18 -- |
| Title |
El estilo -- |
| Miscellaneous information |
unidad 19 -- |
| Title |
Las imágenes artísticas -- |
| Miscellaneous information |
unidad 20 -- |
| Title |
Figuras literarias -- |
| Miscellaneous information |
unidad 21 -- |
| Title |
La descripción -- |
| 930 #1 - EQUIVALENCE OR CROSS-REFERENCE-UNIFORM TITLE HEADING [LOCAL, CANADA] |
| Language of a work |
BND01 |
| Medium of performance for music |
LF1 |
| Field link and sequence number |
20091118 |
| Date of a work |
01 |
| Name of part/section of a work |
HD |
| Miscellaneous information |
7839 |
| 930 #1 - EQUIVALENCE OR CROSS-REFERENCE-UNIFORM TITLE HEADING [LOCAL, CANADA] |
| Language of a work |
BND01 |
| Medium of performance for music |
LF1 |
| Field link and sequence number |
20150806 |
| Date of a work |
01 |
| Name of part/section of a work |
HD |
| Miscellaneous information |
49964 |
| Medium |
e. 2 |
| 942 ## - ADDED ENTRY ELEMENTS (KOHA) |
| Source of classification or shelving scheme |
Dewey Decimal Classification |
| Koha item type |
Libros |
| 956 ## - LOCAL ELECTRONIC LOCATION AND ACCESS (OCLC) |
| Host name |
YLOCKWARD |
| Access number |
10 |
| Compression information |
20150806 |
| Logon |
BND01 |
| Processor of request |
1404 |
| 956 ## - LOCAL ELECTRONIC LOCATION AND ACCESS (OCLC) |
| Host name |
VMATEO |
| Access number |
10 |
| Compression information |
20150811 |
| Logon |
BPMSU |
| Processor of request |
00151 |